000 00500nam a2200193Ia 4500
005 20240823052403.0
008 240823s9999||||xx |||||||||||||| ||und||
020 _a978-0-07-067282-6
041 _aENGLISH
082 _A005.82 Q0
100 _aAvudaiammal R
245 0 _aInformation Coding Techniques
250 _a2nd
260 _c2010
_bMcGraw - Hill Higher Educ
_aNew York
500 _aYES
650 _aInformation Coding Techniques
_bComputer Science
942 _cBK
999 _c221743
_d221743